NFL Players with 15 Reception Games - Statistics

General Stats
  • This quiz has been taken 32 times
  • The average score is 14 of 39
Answer Stats
Team Receptions Player % Correct
49ers 16 Jerry Rice
92%
Steelers 17 Antonio Brown
72%
Steelers 16 Antonio Brown
72%
Chargers 18 Keenan Allen
72%
Chargers 16 Keenan Allen
72%
Chargers 15 Keenan Allen
72%
Patriots 16 Troy Brown
72%
Saints 16 Michael Thomas
68%
49ers 20 Terrell Owens
68%
Jaguars 15 Jimmy Smith
60%
Bengals 15 Ja'Marr Chase
56%
Broncos 21 Brandon Marshall
48%
Broncos 18 Brandon Marshall
48%
Buccaneers 15 Chris Godwin
48%
Rams 15 Isaac Bruce
48%
Rams 15 Puka Nacua
48%
Patriots 16 Wes Welker
44%
Patriots 15 Wes Welker
44%
Colts 15 Reggie Wayne
40%
Cowboys 18 Jason Witten
36%
Cowboys 15 Jason Witten
36%
Seahawks 15 Steve Largent
32%
Seahawks 15 Tyler Lockett
32%
Bills 15 Andre Reed
28%
49ers 15 George Kittle
28%
Panthers 15 Christian McCaffrey
24%
Jaguars 16 Keenan McCardell
20%
Chargers 15 Kellen Winslow
16%
Rams 15 Flipper Anderson
12%
Saints 15 Alvin Kamara
8%
Dolphins 15 Chris Chambers
4%
Rams 15 Danny Amendola
4%
Cardinals 16 Sonny Randle
4%
Rams 18 Tom Fears
4%
Eagles 15 Zach Ertz
4%
Chargers 15 Austin Ekeler
0%
Jets 17 Clark Gaines
0%
Vikings 15 Rickey Young
0%
Falcons 15 William Andrews
0%
No matching quizzes found
Score Distribution
Percent of People with Each Score
Percentile by Number Answered
Your Score History
You have not taken this quiz